El Nacimiento de un régimen de burguesía dependiente: el caso de Costa Rica (II parte) /
Guardado en:
| Autor principal: | |
|---|---|
| Formato: | Texto |
| Etiquetas: |
Agregar Etiqueta
Sin Etiquetas, Sea el primero en etiquetar este registro!
|
MARC
| LEADER | 00000 a a2200000 04500 | ||
|---|---|---|---|
| 001 | 7951 | ||
| 003 | |||
| 040 | |||
| 100 | |a Vega Carballo, José Luis | ||
| 245 | |a El Nacimiento de un régimen de burguesía dependiente: el caso de Costa Rica (II parte) / |c José Luis Vega Carballo | ||
| 773 | |g número 6; páginas 83-118 | ||
| 999 | |c 26434 |d 26434 | ||
